Exploring biological anthropology : (Record no. 13037)

000 -LEADER
fixed length control field 01218cam a2200313 a 4500
001 - CONTROL NUMBER
control field 15581060
003 - CONTROL NUMBER IDENTIFIER
control field OSt
005 - DATE AND TIME OF LATEST TRANSACTION
control field 20171203020027.0
008 - FIXED-LENGTH DATA ELEMENTS--GENERAL INFORMATION
fixed length control field 090109s2010 njuab b 001 0 eng
010 ## - LIBRARY OF CONGRESS CONTROL NUMBER
LC control number 2009000899
020 ## - INTERNATIONAL STANDARD BOOK NUMBER
International Standard Book Number 9780205705405
020 ## - INTERNATIONAL STANDARD BOOK NUMBER
International Standard Book Number 0205705405
035 ## - SYSTEM CONTROL NUMBER
System control number (OCoLC)ocn268789414
040 ## - CATALOGING SOURCE
Original cataloging agency DLC
Transcribing agency DLC
Modifying agency YDX
-- BTCTA
-- YDXCP
-- CDX
-- DLC
050 00 - LIBRARY OF CONGRESS CALL NUMBER
Classification number GN25
Item number .S74 2010
082 00 - DEWEY DECIMAL CLASSIFICATION NUMBER
Classification number 599.9
Edition number 22
100 1# - MAIN ENTRY--PERSONAL NAME
Personal name Stanford, Craig B.
Fuller form of name (Craig Britton),
Dates associated with a name 1956-
245 10 - TITLE STATEMENT
Title Exploring biological anthropology :
Remainder of title the essentials /
Statement of responsibility, etc. Craig Stanford, John S. Allen, Susan C. Antón.
250 ## - EDITION STATEMENT
Edition statement 2nd ed.
260 ## - PUBLICATION, DISTRIBUTION, ETC. (IMPRINT)
Place of publication, distribution, etc. Upper Saddle River, NJ :
Name of publisher, distributor, etc. Prentice Hall,
Date of publication, distribution, etc. c2010.
300 ## - PHYSICAL DESCRIPTION
Extent xiii, 465 p. :
Other physical details ill. (chiefly col.), col. maps ;
Dimensions 28 cm.
504 ## - BIBLIOGRAPHY, ETC. NOTE
Bibliography, etc Includes bibliographical references (p. 437-455) and index.
650 #0 - SUBJECT ADDED ENTRY--TOPICAL TERM
Topical term or geographic name as entry element Physical anthropology
Form subdivision Textbooks.
700 1# - ADDED ENTRY--PERSONAL NAME
Personal name Allen, John S.
Fuller form of name (John Scott),
Dates associated with a name 1961-
700 1# - ADDED ENTRY--PERSONAL NAME
Personal name Antón, Susan C.
906 ## - LOCAL DATA ELEMENT F, LDF (RLIN)
a 7
b cbc
c orignew
d 1
e ecip
f 20
g y-gencatlg
942 ## - ADDED ENTRY ELEMENTS (KOHA)
Source of classification or shelving scheme
Koha item type Hard Covered Materials
Koha issues (borrowed), all copies 1
Holdings
Withdrawn status Lost status Source of classification or shelving scheme Damaged status Not for loan Home library Current library Shelving location Date acquired Source of acquisition Total Checkouts Full call number Barcode Date last seen Date last checked out Price effective from Koha item type
          MACHAKOS UNIVERSITY LIBRARY MACHAKOS UNIVERSITY LIBRARY Open shelf 09/08/2016 Donation(BFA) 1 GN 25.S74 2010 22758 04/12/2017 02/12/2017 09/08/2016 Hard Covered Materials
© Machakos University Library, Along The Highway, Machakos Wote Rd, Machakos, Kenya P.O. Box 136 - 90100 Machakos - Kenya

Tel: ( +254 ) 723 805829 OR Fax : 044-20353 OR Email: library@mksu.ac.ke